000 01193 a2200217 4500
001 42239
005 20260407155711.0
008 260407a1958 arg spa d
003 AR-UNSa-BCEJYS
040 _aAR-UNSa-BCEJYS
_bspa
_cAR-UNSa-BCEJYS
080 _a16
_xLógica. Epistemología. Teoría del conocimiento
245 1 0 _aLógica y teoría del conocimiento
_ppara la enseñanza secundaria
250 _a6a. ed.
264 1 _aBuenos Aires :
_bKapelusz
_c1958
300 _axiv, 305 p.
_c19 cm.
505 _a1. La lógica - 2. El juicio - 3. El concepto - 4. La clasificación y la definición - 5. Los principios lógicos - 6. El razonamiento - 7. El silogismo - 8. La inducción y la analogía - 9. Teoría del conocimiento - 10. La verdad - 11. Posibilidad y límnites del conocimiento - 12. El origen de los conocimientos - 13. Crítica del conocimiento - 14. La ciencia - 15. El método, observación, experimentación, hipótesis y teoría - 16. La matemática - 17. Las ciencias físicas - 18. La biología - 19. La psicología - 20. La historía - 21. La sociología
041 _aspa
942 _cBK
590 _aniveau_biblio:m niveau_hierar:0
100 1 _aFatone, Vicente
999 _c3576
_d3576